路線名 一覧クイズ 東京都 - Statistics

General Stats
  • This quiz has been taken 1,163 times
    1,162 since last reset
  • The average score is 53 of 72
Answer Stats
事業者名 答え 区間 % Correct
JR東日本 山手線 品川~田端(全線)
97%
JR東日本 中央本線 東京~高尾
95%
JR東日本 総武本線 東京~小岩 錦糸町~御茶ノ水
92%
東京都交通局 新宿線 新宿~篠崎
91%
西武鉄道 新宿線 西武新宿~東村山
91%
JR東日本 東海道本線 東京~蒲田 品川~西大井
90%
東京メトロ 銀座線 渋谷~浅草(全線)
90%
東京メトロ 丸ノ内線 荻窪~池袋 方南町~中野坂上 (全線)
90%
JR東海 東海道新幹線 東京~品川
89%
東京メトロ 東西線 中野~葛西
89%
東京メトロ 半蔵門線 渋谷~押上(全線)
88%
東京メトロ 南北線 目黒~赤羽岩淵(全線)
88%
東京都交通局 浅草線 西馬込~押上(全線)
88%
東京メトロ 有楽町線 地下鉄成増~新木場
87%
東京メトロ 副都心線 小竹向原~渋谷(全線)
87%
東京都交通局 三田線 目黒~西高島平(全線)
87%
東京都交通局 大江戸線 都庁前~(都庁前)~光が丘(全線)
87%
JR東日本 京葉線 東京~葛西臨海公園
86%
東京メトロ 日比谷線 北千住~中目黒(全線)
85%
東京メトロ 千代田線 代々木上原~綾瀬 綾瀬~北綾瀬 (全線)
85%
東急電鉄 東横線 渋谷~多摩川
85%
JR東日本 東北本線 東京~赤羽 尾久 赤羽~浮間舟渡
84%
西武鉄道 池袋線 池袋~秋津
84%
小田急電鉄 小田原線(小田急線) 新宿~和泉多摩川 鶴川~町田
84%
JR東日本 常磐線 日暮里~金町
83%
東急電鉄 田園都市線 渋谷~二子玉川 つくし野~南町田グランベリーパーク
83%
京成電鉄 本線 京成上野~江戸川
83%
京浜急行電鉄 本線 泉岳寺~六郷土手
82%
JR東日本 東北新幹線 東京~上野
81%
JR東日本 武蔵野線 府中本町~新秋津 新小平~国立
81%
JR東日本 青梅線 立川~奥多摩(全線)
81%
JR東日本 横浜線 八王子~相原 町田~成瀬
81%
東武鉄道 東上本線(東上線) 池袋~成増
81%
JR東日本 南武線 立川~矢野口
80%
東京都交通局 荒川線(東京さくらトラム) 三ノ輪橋~早稲田(全線)
80%
東京都交通局 日暮里・舎人ライナー 日暮里~見沼代親水公園(全線)
77%
東急電鉄 目黒線 目黒~田園調布
77%
京王電鉄 京王線 新宿~京王八王子(全線)
77%
JR東日本 八高線 八王子~箱根ヶ崎
76%
東武鉄道 伊勢崎線 浅草~竹の塚
76%
京王電鉄 井の頭線 渋谷~吉祥寺(全線)
76%
東急電鉄 大井町線 大井町~二子玉川
75%
JR東日本 五日市線 拝島~武蔵五日市(全線)
73%
西武鉄道 多摩川線 武蔵境~是政(全線)
73%
京浜急行電鉄 空港線 京急蒲田~羽田空港第1・第2ターミナル(全線)
73%
小田急電鉄 多摩線 小田急永山~唐木田
71%
東急電鉄 池上線 五反田~蒲田(全線)
70%
東急電鉄 世田谷線 三軒茶屋~下高井戸(全線)
69%
JR東日本 赤羽線 池袋~赤羽(全線)
68%
京王電鉄 高尾線 北野~高尾山口(全線)
68%
三セク④ 東京臨海新交通臨海線 (ゆりかもめ) 新橋~豊洲(全線)
68%
三セク⑤ りんかい線 (東京臨海高速鉄道) 新木場~大崎(全線)
68%
京成電鉄 押上線 押上~青砥(全線)
65%
東武鉄道 大師線 西新井~大師前(全線)
64%
西武鉄道 国分寺線 国分寺~東村山(全線)
64%
京王電鉄 相模原線 調布~京王多摩川 稲城 京王永山~多摩境
63%
西武鉄道 拝島線 小平~拝島(全線)
62%
西武鉄道 多摩湖線 国分寺~多摩湖
62%
京王電鉄 競馬場線 東府中~府中競馬正門前(全線)
62%
東武鉄道 亀戸線 曳舟~亀戸(全線)
61%
京成電鉄 金町線 京成高砂~京成金町
61%
西武鉄道 豊島線 練馬~豊島園(全線)
56%
京王電鉄 動物園線 高幡不動~多摩動物公園(全線)
55%
西武鉄道 西武有楽町線 小竹向原~練馬(全線)
54%
西武鉄道 山口線 多摩湖
52%
中小私鉄① 東京モノレール羽田空港線 (東京モノレール線) モノレール浜松町~羽田空港第2ターミナル(全線)
51%
東急電鉄 東急多摩川線 多摩川~蒲田(全線)
50%
西武鉄道 西武園線 東村山~西武園(全線)
48%
三セク③ 多摩都市モノレール線 (多摩モノレール線) 上北台~多摩センター(全線)
47%
三セク② 常磐新線(つくばエクスプレス線) 秋葉原~六町
41%
三セク① 埼玉スタジアム線(埼玉高速鉄道線) 赤羽岩淵
32%
中小私鉄② 北総線(北総鉄道) 京成高砂~新柴又
31%
No matching quizzes found
Score Distribution
Percent of People with Each Score
Percentile by Number Answered
Your Score History
You have not taken this quiz since the last reset